00321nam a2200121Ia 4500008004100000041000800041082001400049100001700063245004500080260003300125300003200158365000900190240624s9999 xx 000 0 und d aeng a658.3 RED aREDDY SUMATI aICFAI UNIVERSITY PRESS ON PATHS TO PERSO c2006aHyderabadbICFAI press axiii, : 219 : p. : cm. ; 23 cb50